Santa Fe y el Uruguay /
Guardado en:
| Autor Principal: | |
|---|---|
| Formato: | Libro |
| Publicado: |
Santa Fe :
Universidad Nacional del Litoral,
1981.
|
| Etiquetas: |
Agregar Etiqueta
Sin Etiquetas, Sea el primero en etiquetar este registro!
|
| LEADER | 00426nam a22001335a 4500 | ||
|---|---|---|---|
| 001 | EHU.bham022708 | ||
| 008 | 130507s1981##################000#0#####d | ||
| 005 | 20240404093242.0 | ||
| 245 | 1 | 0 | |a Santa Fe y el Uruguay / |c José Luis Busaniche. |
| 260 | |a Santa Fe : |b Universidad Nacional del Litoral, |c 1981. | ||
| 300 | |a 98 p. | ||
| 100 | 1 | |a Busaniche, José Luis. | |
| 082 | 9 | 8 | |a 982 |
| 859 | |a AR-BHAM |b BIB. HUMANIDADES - General |h 982 |i B96-1 |p 998.93 |t Ej.1 | ||
